Kinetic Theory and Swarming Tools to Modeling Complex Systems—Symmetry problems in the Science of Living Systems (Record no. 13923)
[ view plain ]
| 000 -LEADER | |
|---|---|
| fixed length control field | 00900nam a2200121Ia 4500 |
| 008 - FIXED-LENGTH DATA ELEMENTS--GENERAL INFORMATION | |
| fixed length control field | 220615s9999||||xx |||||||||||||| ||und|| |
| 100 ## - MAIN ENTRY--PERSONAL NAME | |
| Personal name | Bellomo, Nicola |
| 245 #0 - TITLE STATEMENT | |
| Title | Kinetic Theory and Swarming Tools to Modeling Complex Systems—Symmetry problems in the Science of Living Systems |
| 546 ## - LANGUAGE NOTE | |
| Language note | English[eng] |
| 650 ## - SUBJECT ADDED ENTRY--TOPICAL TERM | |
| Topical term or geographic name entry element | short- and long-range interactions||living systems||stress conditions||learning||symmetric interactions||active particles||conformist society||kinetic equations||kinetic models||complex systems||safety||haptotaxis||opinion dynamics||multiscale modeling||individualistic society||CVaR||kinetic theory||social dynamics||boundary conditions||pattern formation||crowd dynamics||integro-differential equations||scaling||Efficient frontier||cell movement||vehicular traffic||Crowd dynamics||learning dynamics |
| 856 ## - ELECTRONIC LOCATION AND ACCESS | |
| Uniform Resource Identifier | <a href="https://mdpi.com/books/pdfview/book/2345">https://mdpi.com/books/pdfview/book/2345</a> |
| 942 ## - ADDED ENTRY ELEMENTS (KOHA) | |
| Koha item type | E-Books |
| Withdrawn status | Lost status | Damaged status | Not for loan | Home library | Current library | Date acquired | Total Checkouts | Date last seen | Price effective from | Koha item type |
|---|---|---|---|---|---|---|---|---|---|---|
| Kerala University of Digital Sciences, Innovation and Technology Knowledge Centre | Kerala University of Digital Sciences, Innovation and Technology Knowledge Centre | 15/06/2022 | 15/06/2022 | 15/06/2022 | E-Books |